000 00524nam a22001697a 4500
082 _a941
_bCHU
_cL-27, P-8
100 _aChurchill, Winston S
_946246
245 _aA history of the english speaking peoples.
260 _aLondon
_bCassell and company ltd.
_c1956
300 _axxi, 416 p.
526 _a0
_b0
_c0
_d941_000000000000000_CHU
526 _a0
_b0
_c0
_d941_000000000000000_CHU
526 _a0
_b0
_c0
_d941_000000000000000_CHU
526 _a0
_b0
_c0
_d941_000000000000000_CHU
650 _aMCE
_9379
942 _2ddc
_cBK
999 _c549607
_d549607